Factores de interes referentes a la colonización de Haemagogus splendens para experimentos de transmisión con virus de fiebre amarilla en el laboratorio (Registro nro. 14764)
[ vista simple ]
| 000 -CABECERA | |
|---|---|
| Campo de control | 004000000a22001090004500 |
| 090 ## - CLASIFICACIÓN LOCAL | |
| Colección | AS |
| Consecutivo | Seriadas |
| 041 0# - IDIOMA | |
| Código de idioma para texto/pista de sonido o título separado | |
| 100 1# - ASIENTO PRINCIPAL--NOMBRE PERSONAL | |
| Nombre personal | Osorno Mesa, Ernesto |
| 245 10 - MENCION DE TITULO | |
| Título | Factores de interes referentes a la colonización de Haemagogus splendens para experimentos de transmisión con virus de fiebre amarilla en el laboratorio |
| 773 1# - Item fuente: | |
| Título | Caldasia |
| Especificación de materiales | 45 |
| Descripción física | 20 |
| Paginas del Articulo | 453-463 |
| Lugar, editorial y fecha de publicación | 1947 |
| Información sobre la relación | 4 |
| 942 ## - ELEMENTOS ADICIONALES (KOHA) | |
| Tipo de ítem | Artículo |
No hay ítems disponibles.